| 000 | 00402nam a2200145Ia 4500 | ||
|---|---|---|---|
| 999 |
_c13126 _d13126 |
||
| 082 | _aTM.0281 | ||
| 100 | _aMerh, Arti Jagmohanlal | ||
| 245 | 0 | _aEconomics of alternative fuel technology in railway transport | |
| 260 |
_c1981 _bM.S. University of Baroda |
||
| 300 | _a259p. | ||
| 650 | _aRAILWAYS - FUEL | ||
| 650 | _aRAILWAYS - ECONOMIC ASPECTS - INDIA | ||
| 710 | _aashim, S.R. | ||
| 942 |
_cTH _2ddc |
||